Statistics for 1970s TV Shows by Cast

Click here to take the quiz!

General Stats

  • This quiz has been taken 194 times
  • The average score is 12 of 15

Answer Stats

HintAnswer% Correct
Ron Howard, Henry WinklerHappy Days
97%
Farrah Fawcett, Jaclyn SmithCharlie's Angels
94%
Alan Alda, McLean StevensonMASH
94%
Robin Williams, Pam DawberMork And Mindy
94%
Erik Estrada, Larry WilcoxCHIPs
90%
Telly Savalas, Kevin DobsonKojak
87%
Carroll O'Connor, Rob ReinerAll In The Family
83%
John Ritter, Suzanne SomersThree's Company
82%
Gabe Kaplan, John TravoltaWelcome Back Kotter
81%
Lee Majors, Richard AndersonSix Million Dollar Man
77%
David Carradine, Keye LukeKung Fu
73%
Redd Foxx, Demond WilsonSanford And Son
73%
Sherman Hemsley, Isabel SanfordThe Jeffersons
73%
Bonnie Franklin, Valerie BertinelliOne Day At A Time
71%
Jack Albertson, Freddie PrinzeChico And The Man
60%

Score Distribution

Percentile by Number Answered

Percent of People with Each Score

Your Score History

You have not taken this quiz